[Event "RUS-chT Blitz"]
[Site "Sochi"]
[Date "2023.10.17"]
[Round "1.4"]
[White "Matlakov, Maxim"]
[Black "Popovich, Alexey"]
[Result "1-0"]
[WhiteElo "2674"]
[BlackElo "2094"]
[PlyCount "43"]
[EventDate "2023.10.17"]
[EventType "team-swiss (blitz)"]
[EventRounds "13"]
[EventCountry "RUS"]
[SourceTitle "CBM 216 Extra"]
[Source "ChessBase"]
[SourceDate "2023.11.30"]
[SourceVersion "1"]
[SourceVersionDate "2023.11.30"]
[SourceQuality "1"]
[WhiteTeam "Moscow Park Tauer"]
[BlackTeam "St Petersburg SShOR III"]
[WhiteTeamCountry "RUS"]
[BlackTeamCountry "RUS"]

1. c4 e6 2. g3 d5 3. Bg2 c6 4. Qc2 Nf6 5. Nf3 b5 6. b3 bxc4 7. bxc4 Be7 8. 0-0 0-0 9. d3 Nbd7 10. Bf4 Bb7 11. Nc3 Rc8 12. Rab1 Ba8 13. Qa4 a5 14. cxd5 exd5 15. Rfc1 Re8 16. Qc2 Ba3 17. Rd1 Nf8 18. d4 Ng6 19. Bg5 h6 20. Bxf6 Qxf6 21. e3 Re7 22. Nxd5 1-0

[Event "RUS-ch Blitz"]
[Site "Sochi"]
[Date "2023.10.14"]
[Round "1"]
[White "Popovich, Alexey"]
[Black "Pridorozhni, Aleksei"]
[Result "0-1"]
[WhiteElo "2094"]
[BlackElo "2486"]
[PlyCount "100"]
[EventDate "2023.10.14"]
[EventType "swiss (blitz)"]
[EventRounds "13"]
[EventCountry "RUS"]
[SourceTitle "CBM 216 Extra"]
[Source "ChessBase"]
[SourceDate "2023.11.30"]
[SourceVersion "1"]
[SourceVersionDate "2023.11.30"]
[SourceQuality "1"]

1. e4 c5 2. Nf3 e6 3. g3 d5 4. exd5 exd5 5. d4 Nc6 6. Bg2 Bg4 7. 0-0 Nxd4 8. Qe1+ Be6 9. Nxd4 cxd4 10. Nd2 Ne7 11. Nb3 Nc6 12. Bf4 Be7 13. Be5 Nxe5 14. Qxe5 Bf6 15. Qf4 Qb6 16. Rad1 0-0 17. Nxd4 Qxb2 18. Nxe6 fxe6 19. Qd6 Qb6 20. Qxb6 axb6 21. Bh3 Kf7 22. c4 Rfd8 23. Rfe1 Rd6 24. cxd5 exd5 25. Rc1 Rc6 26. Bg2 Ra5 27. Rcd1 Rcc5 28. Re2 Bc3 29. f4 Kf6 30. Bh3 Rc6 31. Bg2 Rd6 32. Rd3 Rc5 33. g4 b5 34. g5+ Kf7 35. f5 b4 36. h4 d4 37. Rf2 h6 38. Bxb7 hxg5 39. hxg5 Re5 40. Kg2 Re3 41. Rd1 d3 42. Bf3 d2 43. Bh5+ Ke7 44. Re2 Rxe2+ 45. Bxe2 Rd5 46. f6+ gxf6 47. gxf6+ Kxf6 48. Bc4 Re5 49. Kf3 Re1 50. Bb3 Ke5 0-1

[Event "Moscow op-A 19th"]
[Site "Moscow"]
[Date "2023.07.20"]
[Round "5"]
[White "Ivanov, Oleg"]
[Black "Popovich, Alexey"]
[Result "1-0"]
[WhiteElo "2425"]
[BlackElo "2110"]
[PlyCount "71"]
[EventDate "2023.07.17"]
[EventType "swiss"]
[EventRounds "9"]
[EventCountry "RUS"]
[SourceTitle "CBM 215 Extra"]
[Source "ChessBase"]
[SourceDate "2023.09.30"]
[SourceVersion "1"]
[SourceVersionDate "2023.09.30"]
[SourceQuality "1"]

1. e4 c5 2. Nf3 d6 3. d4 cxd4 4. Nxd4 Nf6 5. f3 e5 6. Nb3 Nc6 7. Nc3 Be6 8. Be3 Be7 9. Nd5 0-0 10. c4 Nd7 11. Qd2 a5 12. Rc1 a4 13. Na1 Bxd5 14. cxd5 Nd4 15. Be2 f5 16. Bxd4 exd4 17. exf5 d3 18. Bxd3 Qb6 19. Nc2 Ne5 20. Be2 Rac8 21. f4 Nc4 22. Qb4 Qxb4+ 23. Nxb4 Nxb2 24. Rxc8 Rxc8 25. Kd2 Nc4+ 26. Bxc4 Rxc4 27. Nd3 Rd4 28. Rb1 Rxd5 29. Rxb7 Bf6 30. g4 h6 31. Rb4 Ra5 32. Rb6 Rd5 33. Ke3 Kf7 34. Ra6 Rd4 35. h4 d5 36. Rxf6+ 1-0

[Event "Khanty-Mansiysk Governor Cup Rapid 18th"]
[Site "Khanty-Mansiysk"]
[Date "2022.11.26"]
[Round "2"]
[White "Chigaev, Maksim"]
[Black "Popovich, Alexey"]
[Result "1-0"]
[WhiteElo "2632"]
[BlackElo "2073"]
[PlyCount "73"]
[EventDate "2022.11.26"]
[EventType "swiss (rapid)"]
[EventRounds "11"]
[EventCountry "RUS"]
[SourceTitle "CBM 211 Extra"]
[Source "ChessBase"]
[SourceDate "2023.01.31"]
[SourceVersion "1"]
[SourceVersionDate "2023.01.31"]
[SourceQuality "1"]

1. e4 e5 2. Nf3 Nf6 3. Nc3 Nc6 4. Bb5 Nd4 5. 0-0 Nxb5 6. Nxb5 c6 7. Nc3 d6 8. d4 Qc7 9. Bg5 Be7 10. a4 a5 11. Qd3 h6 12. Bxf6 Bxf6 13. d5 Be7 14. Nd2 0-0 15. h3 f5 16. Rfd1 Kh8 17. Nc4 fxe4 18. Nxe4 Bf5 19. b3 Bh7 20. Qe2 Rf4 21. f3 Raf8 22. Kh1 Bxe4 23. fxe4 Rf2 24. Qd3 Qc8 25. Rf1 cxd5 26. Rxf2 Rxf2 27. Qxd5 Qf8 28. Rg1 Qf4 29. Qxb7 Bh4 30. Qc8+ Kh7 31. Nxd6 Rxg2 32. Qf5+ g6 33. Qxf4 Rxg1+ 34. Kxg1 exf4 35. Kg2 Kg7 36. Kf3 g5 37. Nf5+ 1-0

[Event "Khanty-Mansiysk Governor Cup 18th"]
[Site "Khanty-Mansiysk"]
[Date "2022.11.17"]
[Round "1"]
[White "Iljiushenok, Ilia"]
[Black "Popovich, Alexey"]
[Result "1-0"]
[WhiteElo "2558"]
[BlackElo "2073"]
[PlyCount "41"]
[EventDate "2022.11.17"]
[EventType "swiss"]
[EventRounds "9"]
[EventCountry "RUS"]
[SourceTitle "CBM 211 Extra"]
[Source "ChessBase"]
[SourceDate "2023.01.31"]
[SourceVersion "1"]
[SourceVersionDate "2023.01.31"]
[SourceQuality "1"]

1. d4 d5 2. c4 e6 3. Nf3 Nf6 4. g3 Be7 5. Bg2 0-0 6. Nc3 dxc4 7. Ne5 Nc6 8. Bxc6 bxc6 9. Nxc6 Qe8 10. Nxe7+ Qxe7 11. Qa4 Bb7 12. 0-0 e5 13. dxe5 Qxe5 14. Qxc4 Rfe8 15. Bf4 Qh5 16. f3 c5 17. Rad1 g5 18. Bc1 g4 19. Rd6 Qe5 20. Bf4 Qf5 21. e4 1-0

[Event "Chigorin Memorial 29th"]
[Site "St Petersburg"]
[Date "2022.10.23"]
[Round "2"]
[White "Lazavik, Denis"]
[Black "Popovich, Alexey"]
[Result "1-0"]
[WhiteElo "2529"]
[BlackElo "2073"]
[PlyCount "59"]
[EventDate "2022.10.22"]
[EventType "swiss"]
[EventRounds "9"]
[EventCountry "RUS"]
[SourceTitle "EXT 2024"]
[Source "ChessBase"]
[SourceDate "2023.10.10"]
[SourceVersion "1"]
[SourceVersionDate "2023.10.10"]
[SourceQuality "1"]

1. d4 Nf6 2. c4 g6 3. Nc3 Bg7 4. e4 0-0 5. Be3 d6 6. h3 c5 7. d5 e6 8. Bd3 exd5 9. exd5 Re8 10. Nf3 Bh6 11. 0-0 Bxe3 12. fxe3 a6 13. Qd2 Nbd7 14. Rf2 Qe7 15. e4 Kg7 16. Raf1 h6 17. Qf4 Rf8 18. Re1 Nh5 19. Qh2 Ne5 20. Be2 Nxf3+ 21. Bxf3 Nf6 22. e5 Nd7 23. e6 Ne5 24. Rxe5 dxe5 25. Qxe5+ Qf6 26. Qc7 Kg8 27. e7 Re8 28. d6 Qe5 29. Nd5 Bf5 30. d7 1-0

[Event "Urals-ch"]
[Site "Cheliabinsk"]
[Date "2022.03.24"]
[Round "9"]
[White "Popovich, Alexey"]
[Black "Pingin, Artem"]
[Result "1/2-1/2"]
[WhiteElo "2037"]
[BlackElo "2329"]
[PlyCount "55"]
[EventDate "2022.03.16"]
[EventType "swiss"]
[EventRounds "9"]
[EventCountry "RUS"]
[SourceTitle "CBM 207 Extra"]
[Source "ChessBase"]
[SourceDate "2022.05.31"]
[SourceVersion "1"]
[SourceVersionDate "2022.05.31"]
[SourceQuality "1"]

1. e4 c5 2. Nf3 e6 3. d4 cxd4 4. Nxd4 Nf6 5. Nc3 d6 6. g4 h6 7. h4 Nc6 8. g5 hxg5 9. Bxg5 Qb6 10. Nb3 a6 11. Be2 Bd7 12. Qd2 0-0-0 13. 0-0-0 Qc7 14. f4 Be7 15. Bf3 Kb8 16. Rhe1 Bc8 17. Kb1 Ng8 18. Bxe7 Ngxe7 19. h5 g6 20. Rh1 gxh5 21. Rxh5 Rxh5 22. Bxh5 d5 23. e5 Rf8 24. Ne2 f6 25. exf6 Rxf6 26. Nbd4 Rf8 27. Nxc6+ Nxc6 28. Qe3 1/2-1/2

[Event "Khanty-Mansiysk Governor Cup 17th"]
[Site "Khanty-Mansiysk"]
[Date "2021.11.19"]
[Round "9"]
[White "Ibadov, Dashgyn"]
[Black "Popovich, Alexey"]
[Result "0-1"]
[WhiteElo "2249"]
[BlackElo "1990"]
[PlyCount "84"]
[EventDate "2021.11.11"]
[EventType "swiss"]
[EventRounds "9"]
[EventCountry "RUS"]
[SourceTitle "CBM 205 Extra"]
[Source "ChessBase"]
[SourceDate "2022.01.31"]
[SourceVersion "1"]
[SourceVersionDate "2022.01.31"]
[SourceQuality "1"]

1. e4 e5 2. Nf3 Nf6 3. Nxe5 d6 4. Nf3 Nxe4 5. Nc3 Nxc3 6. dxc3 Be7 7. Be3 0-0 8. Qd2 Nd7 9. 0-0-0 Nf6 10. Bd3 c5 11. Kb1 d5 12. Bg5 Be6 13. Qf4 Re8 14. c4 Qb6 15. Rhe1 h6 16. Bh4 Rad8 17. c3 dxc4 18. Bc2 Nd5 19. Qe5 Bd6 20. Bxd8 Rxd8 21. Qxd5 Bxd5 22. Rxd5 g6 23. h4 Be7 24. Rxd8+ Qxd8 25. Be4 b5 26. h5 Kg7 27. hxg6 fxg6 28. Kc2 Bf6 29. Rd1 Qc7 30. Bd5 Qa5 31. Be6 Kf8 32. Rd7 Ke8 33. Rf7 Qd8 34. Rd7 Qb6 35. Bh3 Qa6 36. Kb1 b4 37. Nd2 bxc3 38. Ne4 Be5 39. Rd5 Bd4 40. Rd6 Qb7 41. Re6+ Kf8 42. Re8+ Kg7 0-1

[Event "Khanty-Mansiysk Governor Cup 17th"]
[Site "Khanty-Mansiysk"]
[Date "2021.11.16"]
[Round "6"]
[White "Popovich, Alexey"]
[Black "Kezin, Roman"]
[Result "0-1"]
[WhiteElo "1990"]
[BlackElo "2492"]
[PlyCount "112"]
[EventDate "2021.11.11"]
[EventType "swiss"]
[EventRounds "9"]
[EventCountry "RUS"]
[SourceTitle "CBM 205 Extra"]
[Source "ChessBase"]
[SourceDate "2022.01.31"]
[SourceVersion "1"]
[SourceVersionDate "2022.01.31"]
[SourceQuality "1"]

1. e4 c6 2. d4 d5 3. e5 Bf5 4. Nf3 e6 5. Be2 Nd7 6. 0-0 Ne7 7. Be3 h6 8. Nbd2 Bh7 9. a4 a5 10. c4 Nf5 11. Nb3 dxc4 12. Bxc4 Nb6 13. Bd3 Nd5 14. Qb1 Be7 15. g4 Nfxe3 16. fxe3 Nxe3 17. Bxh7 Nxf1 18. Kxf1 Qd5 19. Nbd2 g6 20. Bxg6 fxg6 21. Qxg6+ Kd7 22. Qe4 Rag8 23. Ke2 h5 24. Qxd5+ cxd5 25. gxh5 Rxh5 26. Rf1 Bb4 27. Rf2 Bxd2 28. Nxd2 Ke7 29. Nf3 Rh3 30. Kf1 Rg4 31. Ke2 Rf4 32. Ke3 Rf5 33. Ke2 Kd8 34. Ke3 Kc7 35. Rc2+ Kb6 36. Rf2 Ka6 37. Ke2 b5 38. b3 Kb7 39. Ke3 Kc6 40. Ke2 b4 41. Ke3 Kd7 42. Ke2 Rf8 43. Rf1 Rc8 44. Rf2 Rc2+ 45. Kf1 Rxf2+ 46. Kxf2 Ke7 47. Ke3 Kf7 48. Kf4 Rh8 49. h4 Kg6 50. Kg4 Rc8 51. Ng5 Rc3 52. Nxe6 Rxb3 53. Nf4+ Kh6 54. e6 Re3 55. Nxd5 Rxe6 56. Kf5 Rd6 0-1

[Event "EU-ch Hybrid U18"]
[Site "Tornelo INT"]
[Date "2021.10.15"]
[Round "8"]
[White "Sidali, Elias Hulleberg"]
[Black "Popovich, Alexey"]
[Result "0-1"]
[WhiteElo "2003"]
[BlackElo "1915"]
[PlyCount "88"]
[EventDate "2021.10.15"]
[EventType "swiss"]
[EventRounds "9"]
[EventCountry "NET"]
[SourceTitle "EXT 2023"]
[Source "ChessBase"]
[SourceDate "2022.10.05"]
[SourceVersion "1"]
[SourceVersionDate "2022.10.05"]
[SourceQuality "1"]
[WhiteTeam "Norway"]
[BlackTeam "Russia"]
[WhiteTeamCountry "NOR"]
[BlackTeamCountry "RUS"]

1. d4 Nf6 2. Bf4 c5 3. e3 d5 4. c3 Nc6 5. Bd3 Qb6 6. Qb3 c4 7. Qxb6 axb6 8. Bc2 e6 9. Ne2 b5 10. Nd2 b4 11. 0-0 Be7 12. cxb4 Nxb4 13. Bb1 0-0 14. Nc3 Bd7 15. a3 Nc6 16. Nf3 Nh5 17. Bc2 Nxf4 18. exf4 g6 19. Ne5 Be8 20. Rfd1 f6 21. Nf3 Bd7 22. Ba4 Ra5 23. Re1 Rfa8 24. Bb5 Bb4 25. Bxc6 bxc6 26. Rac1 Bd6 27. g3 Rb8 28. Rc2 Kf7 29. h4 Ra7 30. h5 gxh5 31. Kg2 c5 32. f5 Rab7 33. Rce2 exf5 34. Nxd5 Bc6 35. Re6 Bxd5 36. Rxd6 Be4 37. dxc5 Rb3 38. Rxe4 fxe4 39. Nd2 e3 40. fxe3 Rxb2 41. Rd7+ Ke8 42. Rxh7 Rxd2+ 43. Kf3 Rc8 44. Rxh5 c3 0-1

[Event "Cheliabinsk Panchenko Memorial op-A"]
[Site "Cheliabinsk"]
[Date "2021.09.19"]
[Round "8"]
[White "Lisenkov, Svyatoslav"]
[Black "Popovich, Alexey"]
[Result "1/2-1/2"]
[WhiteElo "1964"]
[BlackElo "1891"]
[PlyCount "107"]
[EventDate "2021.09.13"]
[EventType "swiss"]
[EventRounds "10"]
[EventCountry "RUS"]
[SourceTitle "CBM 204 Extra"]
[Source "ChessBase"]
[SourceDate "2021.11.30"]
[SourceVersion "1"]
[SourceVersionDate "2021.11.30"]
[SourceQuality "1"]

1. e4 c5 2. Nf3 d6 3. d4 cxd4 4. Nxd4 Nf6 5. Nc3 a6 6. Be3 e5 7. Nb3 Be6 8. f3 h5 9. Qd2 Qc7 10. 0-0-0 Nbd7 11. Nd5 Nxd5 12. exd5 Bf5 13. Bd3 Bxd3 14. Qxd3 g6 15. f4 Bh6 16. Rhe1 0-0-0 17. f5 Bxe3+ 18. Rxe3 g5 19. Qd2 Kb8 20. Rc3 Qb6 21. Qxg5 Rc8 22. Rxc8+ Rxc8 23. Kb1 a5 24. a4 Rc4 25. Qxh5 Rxa4 26. Qxf7 Kc7 27. Nc1 Rb4 28. Nd3 Rd4 29. c3 Qb3 30. Rd2 Qxd5 31. Qxd5 Rxd5 32. Kc2 e4 33. Nf2 Re5 34. Re2 Rxf5 35. Nxe4 Ne5 36. h4 b5 37. g3 b4 38. Rf2 Nf3 39. Kd1 bxc3 40. Nxc3 Nxh4 41. Rc2 Nf3 42. Rf2 Nd4 43. Rxf5 Nxf5 44. Ne2 Kc6 45. Kd2 Kd5 46. g4 Nh4 47. Ke3 Kc4 48. Nf4 Kb3 49. Kf2 Kxb2 50. Kg3 a4 51. Kxh4 a3 52. Nd3+ Kc3 53. Nc1 Kb2 54. Nd3+ 1/2-1/2

[Event "Cheliabinsk Panchenko Memorial op-A"]
[Site "Cheliabinsk"]
[Date "2021.09.15"]
[Round "3"]
[White "Naumkin, Igor"]
[Black "Popovich, Alexey"]
[Result "1-0"]
[WhiteElo "2215"]
[BlackElo "1891"]
[PlyCount "33"]
[EventDate "2021.09.13"]
[EventType "swiss"]
[EventRounds "10"]
[EventCountry "RUS"]
[SourceTitle "CBM 204 Extra"]
[Source "ChessBase"]
[SourceDate "2021.11.30"]
[SourceVersion "1"]
[SourceVersionDate "2021.11.30"]
[SourceQuality "1"]

1. d4 Nf6 2. c4 c5 3. d5 b5 4. Nf3 Bb7 5. Bg5 e6 6. e4 bxc4 7. Nc3 exd5 8. e5 d4 9. exf6 Qb6 10. Bxc4 gxf6 11. Qe2+ Be7 12. Nd5 Bxd5 13. Bxd5 Nc6 14. Bxf6 0-0 15. Bxe7 Qb4+ 16. Nd2 d3 17. Qe3 1-0

[Event "Nezhmetdinov Memorial 43rd"]
[Site "Kazan"]
[Date "2021.05.29"]
[Round "1"]
[White "Pridorozhni, Aleksei"]
[Black "Popovich, Alexey"]
[Result "1-0"]
[WhiteElo "2555"]
[BlackElo "2032"]
[PlyCount "61"]
[EventDate "2021.05.29"]
[EventType "swiss"]
[EventRounds "9"]
[EventCountry "RUS"]
[SourceTitle "CBM 203 Extra"]
[Source "ChessBase"]
[SourceDate "2021.09.30"]
[SourceVersion "1"]
[SourceVersionDate "2021.09.30"]
[SourceQuality "1"]

1. e4 c5 2. Nf3 d6 3. d4 cxd4 4. Nxd4 Nf6 5. Nc3 a6 6. Bg5 e6 7. f4 Be7 8. Qd2 Qc7 9. 0-0-0 Nbd7 10. Kb1 b5 11. a3 Bb7 12. Bd3 0-0 13. Nf3 Nc5 14. e5 dxe5 15. fxe5 Nd5 16. Nxd5 Bxd5 17. Bxe7 Qxe7 18. Qf4 Nxd3 19. Rxd3 Rac8 20. Nd4 b4 21. axb4 Qxb4 22. Rg3 Rc4 23. Qh6 g6 24. Rh3 Rb8 25. Qxh7+ Kf8 26. Qh8+ Ke7 27. Qf6+ Kd7 28. Qxf7+ Qe7 29. Qxe7+ Kxe7 30. Rh7+ Kd8 31. Rf1 1-0

[Event "Cheliabinsk Variation-A"]
[Site "Cheliabinsk"]
[Date "2021.03.26"]
[Round "4"]
[White "Ovod, Evgenija"]
[Black "Popovich, Alexey"]
[Result "0-1"]
[WhiteElo "2341"]
[BlackElo "2102"]
[PlyCount "60"]
[EventDate "2021.03.23"]
[EventType "swiss"]
[EventRounds "10"]
[EventCountry "RUS"]
[SourceTitle "CBM 202 Extra"]
[Source "ChessBase"]
[SourceDate "2021.07.31"]
[SourceVersion "1"]
[SourceVersionDate "2021.07.31"]
[SourceQuality "1"]

1. d4 d5 2. Bf4 e6 3. e3 Bd6 4. c3 Nf6 5. Nd2 c5 6. Bg3 Qc7 7. Ngf3 0-0 8. Ne5 b6 9. Bd3 Ba6 10. Bc2 Nc6 11. f4 Rac8 12. Rc1 Ne7 13. Bh4 Ng6 14. Bxg6 fxg6 15. Qf3 cxd4 16. exd4 Bxe5 17. dxe5 Nd7 18. Qg4 Nc5 19. Kd1 Qd7 20. Rc2 Bd3 21. Nb3 Bxc2+ 22. Kxc2 Qa4 23. Rf1 d4 24. Be7 Rfe8 25. Bxc5 bxc5 26. Kb1 dxc3 27. Rc1 cxb2 28. Rc3 c4 29. Nd4 Rcd8 30. Nxe6 Rd1+ 0-1

[Event "Urals-ch"]
[Site "Khanty-Mansiysk"]
[Date "2021.03.14"]
[Round "4"]
[White "Gavrilin, Roman"]
[Black "Popovich, Alexey"]
[Result "0-1"]
[WhiteElo "2047"]
[BlackElo "2102"]
[PlyCount "104"]
[EventDate "2021.03.11"]
[EventType "swiss"]
[EventRounds "9"]
[EventCountry "RUS"]
[SourceTitle "CBM 201 Extra"]
[Source "ChessBase"]
[SourceDate "2021.05.31"]
[SourceVersion "1"]
[SourceVersionDate "2021.05.31"]
[SourceQuality "1"]

1. e4 d6 2. d4 Nf6 3. Nc3 e5 4. Nf3 Nbd7 5. g4 Nxg4 6. Rg1 Ngf6 7. Be3 c6 8. Qd2 Qa5 9. a3 b5 10. Rd1 Qc7 11. Be2 Bb7 12. h4 g6 13. Ng5 a6 14. f4 h6 15. Nf3 exd4 16. Qxd4 0-0-0 17. b4 Re8 18. e5 dxe5 19. fxe5 c5 20. Qf4 cxb4 21. exf6 Qxf4 22. Bxf4 bxc3 23. Rd3 Bxa3 24. Rxc3+ Bc5 25. Ne5 b4 26. Rxc5+ Nxc5 27. Nxf7 Bf3 28. Nd6+ Kd7 29. Nxe8 Rxe8 30. Kf2 Bxe2 31. f7 Rf8 32. Kxe2 Rxf7 33. Be3 Ne6 34. Rxg6 h5 35. Rh6 Rf5 36. Rh7+ Kc6 37. Kd3 a5 38. Re7 Re5 39. Ra7 Kb5 40. Ra8 Ka4 41. Ra7 Ka3 42. Bc1+ Ka2 43. Be3 Kb2 44. Bb6 Rd5+ 45. Kc4 Rf5 46. Rxa5 Rf4+ 47. Kd5 Nf8 48. Rb5 Kxc2 49. Bc5 b3 50. Bd4 Rf5+ 51. Kc4 Rxb5 52. Kxb5 Ng6 0-1

[Event "Moscow op-A 17th"]
[Site "Moscow"]
[Date "2021.02.25"]
[Round "6"]
[White "Shturman, Arseniy"]
[Black "Popovich, Alexey"]
[Result "0-1"]
[WhiteElo "1782"]
[BlackElo "2102"]
[PlyCount "104"]
[EventDate "2021.02.20"]
[EventType "swiss"]
[EventRounds "9"]
[EventCountry "RUS"]
[SourceTitle "CBM 200 Extra"]
[Source "ChessBase"]
[SourceDate "2021.03.31"]
[SourceVersion "1"]
[SourceVersionDate "2021.03.31"]
[SourceQuality "1"]

1. e4 c5 2. Nf3 d6 3. d4 cxd4 4. Nxd4 Nf6 5. f3 e5 6. Bb5+ Nbd7 7. Nf5 d5 8. exd5 a6 9. Be2 Nb6 10. Ne3 Nbxd5 11. c4 Qa5+ 12. Bd2 Nxe3 13. Bxa5 Nxd1 14. Bxd1 Bc5 15. Bc3 0-0 16. Nd2 Bf5 17. Ba4 Bd3 18. 0-0-0 b5 19. Bc2 bxc4 20. Bxd3 cxd3 21. Nc4 Rac8 22. Nxe5 Bd4 23. Kb1 Rxc3 24. bxc3 Rb8+ 25. Kc1 Bxe5 26. Rxd3 h5 27. g3 Rc8 28. Kc2 Rc5 29. Re1 g5 30. Rd8+ Kg7 31. Re3 h4 32. gxh4 gxh4 33. h3 Nh5 34. Rd1 Kf6 35. Rd7 Nf4 36. Rd8 Nxh3 37. Re4 Rxc3+ 38. Kd2 Rxf3 39. Rxh4 Nf4 40. Kc2 Rc3+ 41. Kd1 a5 42. Ra8 Ra3 43. Rh2 Kf5 44. Rc2 Ke4 45. Rc5 Bc3 46. Kc2 Bb4 47. Rc4+ Ke5 48. Re8+ Ne6 49. Kb2 Re3 50. a4 f5 51. Kc2 f4 52. Kd1 f3 0-1

[Event "Moscow op-A 17th"]
[Site "Moscow"]
[Date "2021.02.22"]
[Round "3"]
[White "Popovich, Alexey"]
[Black "Bardyk, Artem"]
[Result "1-0"]
[WhiteElo "2102"]
[BlackElo "1742"]
[PlyCount "81"]
[EventDate "2021.02.20"]
[EventType "swiss"]
[EventRounds "9"]
[EventCountry "RUS"]
[SourceTitle "CBM 200 Extra"]
[Source "ChessBase"]
[SourceDate "2021.03.31"]
[SourceVersion "1"]
[SourceVersionDate "2021.03.31"]
[SourceQuality "1"]

1. e4 e5 2. Nf3 Nc6 3. Bb5 Nf6 4. d3 Ne7 5. 0-0 c6 6. Bc4 Ng6 7. d4 exd4 8. Qxd4 d5 9. exd5 cxd5 10. Rd1 Be7 11. Bxd5 Qxd5 12. Qxd5 Nxd5 13. Rxd5 Be6 14. Rd1 Rc8 15. c3 0-0 16. Be3 a5 17. Nd4 Bg4 18. f3 Bd7 19. Nb3 Be6 20. Nxa5 Ra8 21. Nxb7 Rfb8 22. Nc5 Bxc5 23. Bxc5 Rxb2 24. a4 Nf4 25. Rd2 Rxd2 26. Nxd2 Ne2+ 27. Kf2 Nxc3 28. a5 Nd5 29. a6 Nc7 30. a7 Rc8 31. Ne4 Na8 32. Rb1 h6 33. Bd4 Kh7 34. Nc5 Bd5 35. Nd7 Rc7 36. Nf8+ Kg8 37. Rb8 Rc2+ 38. Kg3 Rc4 39. Rd8 Bc6 40. Ng6+ Kh7 41. Ne5 1-0